Statistics for Footballers by Career - Watford

Click here to take the quiz!

General Stats

  • This quiz has been taken 21 times
  • The average score is 5 of 10

Answer Stats

Player% Correct
Ashley Young
89%
John Barnes
83%
Ben Foster
67%
Roberto Pereyra
61%
Adrian Mariappa
50%
Almen Abdi
33%
Daniel Pudil
33%
Heiðar Helguson
28%
Hamer Bouazza
11%
Marcus Gayle
6%

Score Distribution

Percentile by Number Answered

Percent of People with Each Score

Your Score History

You have not taken this quiz